00627cam a22002171 4500001001300000003000400013005001700017008004100034010001700075025001900092035002000111040002300131042001200154050001900166100005100185245002800236260004400264300002700308651005700335999001700392sa 67006840 DLC20260227112410.0870908s1964 ii a 000 0 eng  asa 67006840  aPL480:I-E-7303 a(OCoLC)16651235 aDLCcWaUdWaUdDLC apremarc00aPK2098.D56bW61 aDivya, Ambikā Prasāda Varmā,d1907-1986.14aThe woman of Khajuraha. aAjaigarh [India]bSahitya Sadanc[1964] a111 p.billus.c22 cm. 0aKhajurāho (India)xDescription and travelvPoetry. c76191d76191